Břitvou do klavíru : almanach poesie /

Other Authors: Kopáč, Radim, 1976-, Wanek, Miroslav, 1962-
Language: Czech
Published: Praha : Clinamen, 2002
Edition: Vyd. 1.
Series: Poesie (Clinamen)
Physical Description: 225 s. : il. ; 14 x 14 cm
Book
Saved in:
LEADER 01059nam a2200313 a 4500
001 000662302
003 CZ BrMZK
005 20101201142439.0
007 ta
008 030320s2002 xr a g 000 p cze d
020 |q (brož.) :  |c Kč 99.00 
040 |a LIA001  |b cze  |c BOA001 
072 7 |a 821.162.3-1  |x Česká poezie  |2 Konspekt  |9 25 
080 |a 821.162.3-1  |2 MRF 
080 |a (082.21)  |2 MRF 
086 |2 CZ 
245 0 0 |a Břitvou do klavíru :  |b almanach poesie /  |c [Miroslav Wanek ... et al. ; editor a předmluva Radim Kopáč ; ilustroval Pavel Kreml] 
250 |a Vyd. 1. 
260 |a Praha :  |b Clinamen,  |c 2002 
300 |a 225 s. :  |b il. ;  |c 14 x 14 cm 
490 1 |a Poesie 
655 7 |a česká poezie  |7 fd133958  |2 czenas 
700 1 |a Kopáč, Radim,  |d 1976-  |7 jo20000080604  |4 edt  |4 wfw 
700 1 |a Wanek, Miroslav,  |d 1962-  |7 jn20000402671  |4 aut 
830 0 |a Poesie (Clinamen)  |0 s 
910 |a BOA001  |b S-1114.681 
967 |a 2  |b 1 
990 |a BK 
996 6 |b 2610184244  |c S-1114.681  |l MZK  |r Sklad / do 24 hodin  |n 2  |p p.v.  |w 000662302  |u 000010  |a 1  |e BOA001  |j MZK50  |s P